000 00508nam a2200145Ia 4500
008 100204s9999 xx 000 0 und d
082 _b3200
100 _aबेलवलकर वासुदेव
245 _aकळस चढविला मंदिरी
260 _bप्रमोद प्रकाशन पुणे
_c1981
300 _a527
630 _aकळस चढविला मंदिरी
730 _aकळस चढविला मंदिरी
942 _cBOOK
999 _c448169
_d448166